M.N. Roy : (Record no. 38662)

MARC details
000 -LEADER
fixed length control field 00906nam a22002537a 4500
005 - DATE AND TIME OF LATEST TRANSACTION
control field 2010080203083.0
010 ## - LCCN (DPL NO)
LC control number ENG-97764
020 ## - INTERNATIONAL STANDARD BOOK NUMBER
International Standard Book Number 9780415446037
Terms of availability 295.00
020 ## - INTERNATIONAL STANDARD BOOK NUMBER
International Standard Book Number 9780415446112
Terms of availability 295.00
035 ## - SYSTEM CONTROL NUMBER
System control number EN-81297
037 ## - SOURCE OF ACQUISITION
Source of stock number/acquisition DBAD/PUB
082 ## - DEWEY DECIMAL CLASSIFICATION NUMBER
Classification number 954.035092
245 ## - TITLE STATEMENT
Title M.N. Roy :
Remainder of title marxism and colonial cosmopolitanism /
Statement of responsibility, etc by Manjapra Kris
260 ## - PUBLICATION, DISTRIBUTION, ETC. (IMPRINT)
Place of publication, distribution, etc New Delhi
Name of publisher, distributor, etc Routledge
Date of publication, distribution, etc 2010
270 ## - ADDRESS
Address 912 Tolstoy House, 15-17 Tolstoy Marg,
City New Delhi
Postal code 110001
300 ## - PHYSICAL DESCRIPTION
Extent 201p.
Dimensions 22cm (pbk)
500 ## - GENERAL NOTE
General note Includes bibliographical reference and index
650 ## - SUBJECT ADDED ENTRY--TOPICAL TERM
Topical term or geographic name as entry element Cmmunist
650 ## - SUBJECT ADDED ENTRY--TOPICAL TERM
Topical term or geographic name as entry element Philosophers
650 ## - SUBJECT ADDED ENTRY--TOPICAL TERM
Topical term or geographic name as entry element Revolutioneries
700 ## - ADDED ENTRY--PERSONAL NAME
9 (RLIN) 4212
942 ## - ADDED ENTRY ELEMENTS (KOHA)
Source of classification or shelving scheme Dewey Decimal Classification
Item type English Books
Classification part 954.35092
Call number suffix MAN
Holdings
Withdrawn status Lost status Not for loan Collection code Home library Current library Date acquired Source of acquisition Cost, normal purchase price Full call number Barcode Copy number Cost, replacement price Koha item type
    Not For Loan Non-fiction D.B.Act.Division D.B.Act.Division 02/08/2010 DBAD/PUB 295.00 954.35092 MAN EN-81297 1 295.00 English Books

© Delhi Public Library
Hit Counter
free hit counter